Normy, metrológia, skúšobníctvo. 2.

Druhá časť rozhovoru s predsedom Úradu pre normalizáciu, metrológiu a skúšobníctvo. Spolupráca úradu so Slovenskou obchodnou inšpekciou. Odskúšané výrobky a označovanie výrobkov v SRN. Pôsobnosť Slovenského metrologického ústavu. Nedostatky v oblasti skúšobníctva. Prerod technickej normalizácie na n...

Ausführliche Beschreibung

Gespeichert in:
Bibliographische Detailangaben
1. Verfasser: Šustek, Ľ.
Weitere Verfasser: Kuček, M.
Format: Buchkapitel
Sprache:Slowakisch
Schlagworte:
Tags: Tag hinzufügen
Keine Tags, Fügen Sie das erste Tag hinzu!

MARC

LEADER 00000naa a2200000 4500
001 r012926
005 20221213123639.4
041 0 |a slo 
044 |a SK 
245 1 0 |a Normy, metrológia, skúšobníctvo. 2.  |c Ľ. Šustek, M. Kuček 
520 |a Druhá časť rozhovoru s predsedom Úradu pre normalizáciu, metrológiu a skúšobníctvo. Spolupráca úradu so Slovenskou obchodnou inšpekciou. Odskúšané výrobky a označovanie výrobkov v SRN. Pôsobnosť Slovenského metrologického ústavu. Nedostatky v oblasti skúšobníctva. Prerod technickej normalizácie na novú úroveň. 
610 2 0 |a Úrad pre normalizáciu, metrológiu a skúšobníctvo SR Bratislava 
610 2 0 |a Slovensko 
610 2 0 |a normalizácia 
610 2 0 |a metrológia 
610 2 0 |a skúšobníctvo štátne 
100 1 |a Šustek, Ľ. 
700 1 |a Kuček, M.